[Event "St Petersburg op"]
[Site "St Petersburg"]
[Date "2009.01.08"]
[Round "6"]
[White "Enalskiy, Aleksey"]
[Black "Sarkisov, Vladimir"]
[Result "1-0"]
[WhiteElo "1666"]
[BlackElo "1960"]
[PlyCount "57"]
[EventDate "2009.01.03"]
[EventType "swiss"]
[EventRounds "9"]
[EventCountry "RUS"]
[SourceTitle "EXT 2010"]
[Source "ChessBase"]
[SourceDate "2010.11.25"]
[SourceVersion "1"]
[SourceVersionDate "2010.11.25"]
[SourceQuality "1"]

1. e4 e5 2. d4 exd4 3. c3 d5 4. exd5 Qxd5 5. cxd4 Bb4+ 6. Nc3 Ne7 7. Nf3 Nbc6 8. a3 Qe4+ 9. Be3 Bxc3+ 10. bxc3 Bf5 11. Bc4 0-0 12. 0-0 Bg4 13. Bd3 Qe6 14. Qb1 Bxf3 15. gxf3 Qh3 16. Qxb7 Rfc8 17. Be4 Rab8 18. Qa6 Rb6 19. Qc4 Na5 20. Qa2 Nb3 21. d5 Nxa1 22. Bxb6 axb6 23. Rxa1 Rd8 24. Qc4 Rd7 25. Re1 Kf8 26. f4 Qg4+ 27. Bg2 Nxd5 28. Qc6 Nxf4 29. Qa8+ 1-0

[Event "Peterhof op"]
[Site "Peterhof"]
[Date "2008.08.06"]
[Round "5"]
[White "Sarkisov, Vladimir"]
[Black "Sorokina, Anastasia"]
[Result "1-0"]
[WhiteElo "1922"]
[BlackElo "2194"]
[PlyCount "75"]
[EventDate "2008.08.02"]
[EventType "swiss"]
[EventRounds "9"]
[EventCountry "RUS"]
[SourceTitle "CBM 125 Extra"]
[Source "ChessBase"]
[SourceDate "2008.09.01"]
[SourceVersion "1"]
[SourceVersionDate "2008.09.01"]
[SourceQuality "1"]

1. e4 Nf6 2. e5 Nd5 3. d4 d6 4. Nf3 e6 5. Be2 Be7 6. 0-0 0-0 7. c4 Nb6 8. Nc3 f6 9. exf6 Bxf6 10. Be3 Nc6 11. Ne4 Be7 12. Qc2 Rf5 13. Ng3 Rf7 14. Bd3 g6 15. a3 Bf6 16. Ne4 Nd7 17. Neg5 Re7 18. d5 exd5 19. cxd5 Nce5 20. Ne6 Nxf3+ 21. gxf3 Rxe6 22. dxe6 Ne5 23. Be4 Bxe6 24. Rac1 c6 25. f4 Ng4 26. Rce1 d5 27. Bd3 Qd7 28. Bc1 Kf7 29. Re2 Nh6 30. Rfe1 Bg4 31. Re3 Nf5 32. Bxf5 Bxf5 33. Qb3 Rb8 34. Bd2 Kg7 35. Qb4 Kf7 36. Bc3 d4 37. Bxd4 Qxd4 38. Re7+ 1-0